ბათუმის შოთა რუსთაველის სახელმწიფო უნივერსიტეტის ბიბლიოთეკა

წერილები საქართველოზე : (ბიბ.ჩანაწერი № 60093)

000 -ლიდერი
ფიქსირებული სიგრძის საკონტროლო ველი 01181nam a22002057a 4500
003 - საკონტროლო ნომრის იდენტიფიკატორი
საკონტროლო ველი Ge_BSU
005 - ბოლო ოპერაციის თარიღი და დრო
საკონტროლო ველი 20230607172804.0
008 - ფიქსირებული სიგრძის მონაცემთა ელემენტები - ზოგადი ინფორმაცია
ფიქსირებული სიგრძის საკონტროლო ველი 230607s1964 ge ||||| |||| 00| 0 geo d
041 ## - ენის კოდი
Language code of text/sound track or separate title geo
080 ## - უნივერსალური ათობითი კლასიფიკაციის ინდექსი
Universal Decimal Classification number 910.4(450)(092) ჯ-81
100 ## - მთავარი ჩანაწერი - პიროვნების სახელი
Personal name ჯუდიჩე, მილანელი
9 (RLIN) 18553
245 ## - ცნობა სათაურის შესახებ
Title წერილები საქართველოზე :
Remainder of title XVII საუკ. /
Statement of responsibility, etc დონ ჯუზეპე ჯუდიჩე მილანელი; იტალ. ტექსტი თარგმნა, წინასიტყვ. და შენიშვნები დაურთო ბ. გიორგაძემ.
264 ## - წარმოების, გამოცემის, დისტრიბუციის და სხვა ცნობები
გამოცემის, წარმოების, დისტრიბუციის... ადგილი თბილისი :
გამოცემის, წარმოების, დისტრიბუციის... სახელწოდება საბჭ. საქართველო,
გამოცემის, წარმოების, დისტრიბუციის... თარიღი 1964.
300 ## - ფიზიკური აღწერა
Extent 135 გვ. :
Other physical details 16ფ. ილ. ;
Dimensions 22 სმ.
653 ## - INDEX TERM--UNCONTROLLED
Uncontrolled term საქართველოს ახალი ისტორია
653 ## - INDEX TERM--UNCONTROLLED
Uncontrolled term უცხოური წყაროები.
653 ## - INDEX TERM--UNCONTROLLED
Uncontrolled term კათოლიკე მისიონერები საქართველოში.
700 ## - ADDED ENTRY--PERSONAL NAME
Personal name გიორგაძე, ბეჟან
Relator term მთარგმნელი
9 (RLIN) 18554
942 ## - ADDED ENTRY ELEMENTS (KOHA)
Source of classification or shelving scheme
Koha item type წიგნი
ეგზემპლარები
ჩამოწერის სტატუსი დაკარგული ეგზემპლარის სტატუსი კლასიფიკაციის წყარო ან თაროზე გაწყობის სქემა დაზიანების სტატუსი არ გაიცემა მუდმივი მდებარეობა (დაცვის ადგილი) ამჟამინდელი ადგილსამყოფელი თაროზე განთავსების ადგილი შეძენის თარიღი ღირებულება, შესყიდვის ნორმალური ფასი სრული შენახვის შიფრი შტრიხკოდი ბოლო ოპერაციის თარიღი ეგზემპლარის მიმდევრობითი ნომერი (კეტერი?) Uniform Resource Identifier ფასის ძალაში შესვლის თარიღი ეგზემპლარის სახეობა საჯარო შენიშვნა
          ბათუმის შოთა რუსთაველის სახელმწიფო უნივერსიტეტის მთავარი ბიბლიოთეკა ბათუმის შოთა რუსთაველის სახელმწიფო უნივერსიტეტის მთავარი ბიბლიოთეკა წიგნსაცავი 2023-06-07 5.00 910.4(450)(092) ჯ-81 64547 2023-06-07 64547 ბსუ-ს საპატიო დოქტორის გურამ ლორთქიფანიძის საჩუქარი 2023-06-07 წიგნი 5 ლ.